[Event "Eje Cafetero Region U12"]
[Site "Eje Cafetero"]
[Date "2009.03.23"]
[Round "6.2"]
[White "Mejia Garcia, Michelle"]
[Black "Aguilar, Carlos Eduardo"]
[Result "1-0"]
[WhiteElo "1479"]
[BlackElo "1419"]
[PlyCount "43"]
[EventDate "2009.03.23"]
[EventType "swiss"]
[EventRounds "7"]
[EventCountry "COL"]
[SourceTitle "EXT 2024"]
[Source "ChessBase"]
[SourceDate "2023.10.10"]
[SourceVersion "1"]
[SourceVersionDate "2023.10.10"]
[SourceQuality "1"]

1. e4 e5 2. Nf3 Nf6 3. Nc3 d6 4. h3 Nc6 5. Bc4 h6 6. d3 Be7 7. Be3 Be6 8. Nd5 Bxd5 9. Bxd5 Nxd5 10. exd5 Nb4 11. c4 0-0 12. a3 Na6 13. 0-0 Qd7 14. b4 Qf5 15. Nh2 Nb8 16. f4 e4 17. dxe4 Qxe4 18. Qd4 Qg6 19. f5 Qh7 20. Ng4 h5 21. Nh2 f6 22. Rfe1 1-0